Statistics for Asian Country Superlatives

Click here to take the quiz!

General Stats

  • This quiz has been taken 32,944 times
    (25,132 since last reset)
  • The average score is 15 of 24

Answer Stats

SuperlativeCountry% Correct
Biggest populationChina
100%
Biggest land areaRussia
98%
Longest life expectancyJapan
91%
Biggest economyChina
90%
Most HindusIndia
83%
Highest pointChina / Nepal
79%
Top oil exporterSaudi Arabia
75%
Highest buildingUnited Arab Emirates
74%
Lowest population densityMongolia
69%
Most MuslimsIndonesia
68%
Most Shia MuslimsIran
68%
Highest population densitySingapore
63%
Southernmost pointIndonesia
62%
Source of the most refugeesSyria
61%
Least democraticNorth Korea
60%
Highest average elevationBhutan
55%
Highest GDP per capitaQatar
55%
Most ChristiansPhilippines
49%
Shortest life expectancyAfghanistan
48%
Doubly-landlockedUzbekistan
45%
Lowest pointJordan / Israel
42%
Lowest GDP per capitaAfghanistan
35%
Most exports per capitaSingapore
33%
Smallest populationMaldives
32%

Score Distribution

Percentile by Number Answered

Percent of People with Each Score

Your Score History

You have not taken this quiz since the last reset